[Event "22. Copenhagen Open  (Politiken Cup)"]
[Site "Copenhagen"]
[Date "2000.07.28"]
[Round "11"]
[White "Keeling, Geoff"]
[Black "Zyde, Fadmal"]
[Result "1-0"]
[WhiteElo "2073"]
[BlackElo "1619"]
[PlyCount "157"]
[EventDate "2000.07.17"]
[EventType "swiss"]
[EventRounds "11"]
[EventCountry "DEN"]
[SourceDate "2004.01.01"]

1. e4 e5 2. Nf3 Nc6 3. d4 exd4 4. Nxd4 Nxd4 5. Qxd4 Ne7 6. Bc4 Nc6 7. Qd1 Ne5
8. Bb3 d6 9. O-O Qh4 10. f3 Be7 11. Nc3 Be6 12. Nb5 Bd8 13. Bxe6 fxe6 14. Nd4
Qe7 15. f4 Nf7 16. f5 exf5 17. Nxf5 Qe5 18. Be3 Bf6 19. Bd4 Qe6 20. Nxg7+ Bxg7
21. Bxg7 Rg8 22. Bf6 Rg6 23. Qf3 Kd7 24. Qf5 Rag8 25. g3 Qxf5 26. Rxf5 Nh6 27.
Rf4 Ng4 28. Bh4 Ke6 29. Raf1 R8g7 30. h3 Ne3 31. Rf6+ Rxf6 32. Rxf6+ Ke5 $11
33. Rf4 Ke6 34. c3 Rf7 35. Rxf7 Kxf7 36. Bg5 Nc4 37. Bc1 Ke6 38. Kf2 b5 39. Kf3
Ne5+ 40. Ke2 c5 41. Bf4 Nc4 42. b3 Nb6 43. Be3 Ke5 44. Kf3 a5 45. g4 a4 46. h4
Nd7 47. g5 axb3 48. axb3 c4 49. b4 Nf8 50. Bf4+ Ke6 51. h5 d5 52. Ke3 dxe4 53.
Kxe4 Nd7 54. Bc7 Nf8 55. Bb6 Nd7 56. Bd4 Nf8 57. Bg7 Nd7 58. Kd4 Kf5 59. g6
hxg6 60. hxg6 Kxg6 61. Bh8 Kh7 62. Be5 Kg6 63. Kd5 Kf7 64. Bd4 Nf8 65. Kc6 Ne6
66. Be5 Nd8+ 67. Kxb5 Ke6 68. Bc7 Nf7 69. Kxc4 Kd7 70. Bf4 Nd8 71. Kd5 Nc6 72.
Kc5 Nd8 73. Bh2 Ne6+ 74. Kb6 Nd8 75. b5 Ne6 76. Ka7 Nc5 77. Bg1 Ne6 78. b6 Nd8
79. b7 1-0

[Event "22. Copenhagen Open  (Politiken Cup)"]
[Site "Copenhagen"]
[Date "2000.07.28"]
[Round "11"]
[White "Keeling, Karen"]
[Black "Petersen, Lars"]
[Result "0-1"]
[WhiteElo "1680"]
[BlackElo "2097"]
[PlyCount "54"]
[EventDate "2000.07.17"]
[EventType "swiss"]
[EventRounds "11"]
[EventCountry "DEN"]
[SourceDate "2004.01.01"]

1. c4 c5 2. g3 Nf6 3. Bg2 g6 4. Nc3 Bg7 5. a3 O-O 6. Rb1 d6 7. Nh3 e5 8. e4 Nc6
9. O-O Nd4 10. f3 Bd7 11. d3 a6 12. Be3 b5 13. b4 bxc4 14. bxc5 Qa5 15. Nd5
Nxd5 16. exd5 Qxc5 17. dxc4 Qxa3 18. Bxd4 exd4 19. Nf2 Ba4 20. Qd2 Qc3 21. Qa2
Bc2 22. Rb6 d3 23. Kh1 d2 24. Nd1 Bxd1 25. Rxd1 Rfe8 26. Rbb1 Re1+ 27. Bf1
Qxf3+ 0-1

[Event "22. Copenhagen Open  (Politiken Cup)"]
[Site "Copenhagen"]
[Date "2000.07.28"]
[Round "11"]
[White "Kokholm, Daniel"]
[Black "Helin, Mikael"]
[Result "0-1"]
[WhiteElo "1732"]
[BlackElo "2066"]
[PlyCount "118"]
[EventDate "2000.07.17"]
[EventType "swiss"]
[EventRounds "11"]
[EventCountry "DEN"]
[SourceDate "2004.01.01"]

1. d4 g6 2. e4 d6 3. Nc3 Bg7 4. Be3 c6 5. f3 b5 6. Qd2 h6 7. Bd3 a6 8. Nge2 Nd7
9. a4 b4 10. Nd1 c5 11. c3 a5 12. O-O Ngf6 13. Nf2 Qc7 14. Rfc1 b3 15. Bc4 Rb8
16. Ra3 Kf8 17. Bxb3 c4 18. Bd1 Ba6 19. Rb1 Kg8 20. Bc2 e5 21. f4 Kh7 22. h3
Rb7 23. Ng3 Bf8 24. Ra2 Bg7 25. Rf1 Rhb8 26. Nd1 exd4 27. cxd4 c3 28. bxc3 Bxf1
29. Kxf1 Nb6 30. Qe2 Nc4 31. Bc1 Re8 32. Qf3 Nd2+ 33. Bxd2 Qc4+ 34. Qd3 Qxa2
35. h4 d5 36. e5 Ne4 37. Nxe4 dxe4 38. Qxe4 f5 39. Qxb7 Qxc2 40. Ke2 Qxa4 41.
Nb2 Qa2 42. Qb5 Ra8 43. Na4 Qa1 44. e6 Qh1 45. Qc6 Ra7 46. Be1 Re7 47. Nc5 Bf6
48. Qf3 a4 49. d5 a3 50. Nb3 Rb7 51. d6 Rxb3 52. e7 Rb1 53. Qf2 {[#]} Bxh4 54.
Qxh4 Qxg2+ 55. Qf2 Rb2+ 56. Kd1 a2 57. Qxb2 Qxb2 58. Bd2 Qb1+ 59. Ke2 Qe4+ 0-1

[Event "22. Copenhagen Open  (Politiken Cup)"]
[Site "Copenhagen"]
[Date "2000.07.28"]
[Round "11"]
[White "Kragh, Niels Kristian"]
[Black "Resika, Nathan A"]
[Result "0-1"]
[WhiteElo "1966"]
[BlackElo "2267"]
[PlyCount "32"]
[EventDate "2000.07.17"]
[EventType "swiss"]
[EventRounds "11"]
[EventCountry "DEN"]
[SourceDate "2004.01.01"]

1. e4 d6 2. d4 Nf6 3. Nc3 g6 4. g3 Bg7 5. Bg2 O-O 6. Nge2 e5 7. O-O Nc6 8. Re1
Bd7 9. h3 Nxd4 10. Nxd4 exd4 11. Qxd4 Nxe4 12. Qd3 Nxc3 13. bxc3 Bf5 14. Be4
Re8 15. Bd2 Rxe4 16. Rxe4 d5 0-1

[Event "22. Copenhagen Open  (Politiken Cup)"]
[Site "Copenhagen"]
[Date "2000.07.28"]
[Round "11"]
[White "Lund, Silas"]
[Black "Mittelmann, Gur"]
[Result "0-1"]
[WhiteElo "2261"]
[BlackElo "2419"]
[PlyCount "124"]
[EventDate "2000.07.17"]
[EventType "swiss"]
[EventRounds "11"]
[EventCountry "DEN"]
[SourceDate "2004.01.01"]

1. c4 Nf6 2. Nc3 g6 3. e4 d6 4. d4 Bg7 5. Be2 O-O 6. Bg5 c5 7. d5 a6 8. a4 h6
9. Bf4 e6 10. dxe6 Bxe6 11. Bxd6 Re8 12. Nf3 Qb6 13. Bxb8 Raxb8 14. Qc2 Qb4 15.
Nd2 Nd7 16. O-O Nb6 17. a5 Nxc4 18. Bxc4 Bxc4 19. Ra4 Bxf1 20. Kxf1 Rbc8 21.
Qb1 Bxc3 22. Rxb4 cxb4 23. bxc3 bxc3 24. Nb3 c2 25. Qb2 Rxe4 26. Nc1 Re7 27. g3
Rd7 28. Kg2 h5 29. h4 Rc5 30. Qb4 Rc6 31. Qe4 Rd1 32. Qe8+ Kg7 33. Qe5+ Rf6 34.
Qe3 Rxc1 35. Qxc1 Rc6 36. Kf3 Kf8 37. Ke4 Ke8 38. Ke5 Kd7 39. Kd5 f6 40. f3 Kc7
41. Qf4+ Kc8 42. Qc1 Kb8 43. g4 Ka8 44. gxh5 gxh5 45. f4 Ka7 46. Qe3+ Kb8 47.
Qc1 Kc7 48. Ke4 Rc5 49. Kd4 b6 50. axb6+ Kxb6 51. Kd3 Kc7 52. Kd4 Rc6 53. Ke4
a5 54. Kf5 a4 55. Kg6 a3 56. Kf7 a2 57. Ke7 Rc3 58. Qd2 c1=Q 59. Qd6+ Kb7 60.
Qb4+ Kc6 61. Qa4+ Kc5 62. Qxa2 Qa3 0-1

[Event "22. Copenhagen Open  (Politiken Cup)"]
[Site "Copenhagen"]
[Date "2000.07.28"]
[Round "11"]
[White "Mashiri, Arthur"]
[Black "Nielsen, Thomas"]
[Result "0-1"]
[WhiteElo "2045"]
[BlackElo "1809"]
[PlyCount "68"]
[EventDate "2000.07.17"]
[EventType "swiss"]
[EventRounds "11"]
[EventCountry "DEN"]
[SourceDate "2004.01.01"]

1. e4 Nf6 2. e5 Nd5 3. d4 d6 4. c4 Nb6 5. exd6 cxd6 6. Nc3 Nc6 7. b3 d5 8. c5
Nd7 9. Nxd5 e6 10. Ne3 Nf6 11. Nf3 Be7 12. Bd3 O-O 13. O-O Nb4 14. Bb1 b6 15.
a3 Nbd5 16. Nxd5 Nxd5 17. Ne5 g6 18. Bh6 Re8 19. Nc6 Qc7 20. Nxe7+ Qxe7 21. b4
Bb7 22. Qd2 Qh4 23. Re1 f6 24. f4 Qxh6 25. b5 Nxf4 26. Qc3 Bxg2 27. Ra2 Bd5 28.
c6 Nh3+ 29. Kf1 Bxa2 30. Bxa2 Qf4+ 31. Kg2 Qg4+ 32. Qg3 Nf4+ 33. Kf2 Qxg3+ 34.
hxg3 Nd3+ 0-1

[Event "22. Copenhagen Open  (Politiken Cup)"]
[Site "Copenhagen"]
[Date "2000.07.28"]
[Round "11"]
[White "McShane, Rod"]
[Black "Auchenberg, Einar"]
[Result "0-1"]
[WhiteElo "1400"]
[BlackElo "1692"]
[PlyCount "118"]
[EventDate "2000.07.17"]
[EventType "swiss"]
[EventRounds "11"]
[EventCountry "DEN"]
[SourceDate "2004.01.01"]

1. e4 Nc6 2. Nf3 d6 3. d4 Bg4 4. Be2 e5 5. d5 Bxf3 6. Bxf3 Nd4 7. Bg4 f5 8.
exf5 Qf6 9. c3 Nxf5 10. O-O g5 11. Qa4+ Kd8 12. Nd2 Be7 13. Ne4 Qg6 14. Ng3
Ngh6 15. Bh5 Nxg3 16. Bxg6 Ne2+ 17. Kh1 hxg6 18. g3 Nxc1 19. Raxc1 Nf5 20. Qe4
Rh6 21. Kg2 Bf6 22. Rh1 Ke7 23. Rce1 Rf8 24. Qc4 Kd8 25. Qa4 a6 26. Qb4 Kc8 27.
Re4 Bd8 28. Qb3 Ne7 29. g4 Rf4 30. f3 Rf8 31. Rb4 b6 32. a4 Rf4 33. c4 Rd4 34.
Qc3 c5 35. Rb3 Rh4 36. Qc1 Rf4 37. Rc3 b5 38. axb5 axb5 39. cxb5 Nxd5 40. Rxc5+
dxc5 41. Qxc5+ Nc7 42. b6 e4 43. bxc7 exf3+ 44. Kf2 Bxc7 45. h3 Rh7 46. b4 Rd7
47. Qc3 Rfd4 48. Ke3 Rf4 49. Qh8+ Rd8 50. Qc3 Re8+ 51. Kd3 f2 52. Qc1 Rf3+ 53.
Kd4 Kb7 54. Kc4 Re4+ 55. Kb5 Rf6 56. Ka4 Bd6 57. Qb1 Rxb4+ 58. Qxb4+ Bxb4 59.
Kxb4 f1=Q 0-1

[Event "22. Copenhagen Open  (Politiken Cup)"]
[Site "Copenhagen"]
[Date "2000.07.28"]
[Round "11"]
[White "Mortensen, Erling"]
[Black "Carstensen, Jacob"]
[Result "1-0"]
[WhiteElo "2438"]
[BlackElo "2254"]
[PlyCount "71"]
[EventDate "2000.07.17"]
[EventType "swiss"]
[EventRounds "11"]
[EventCountry "DEN"]
[SourceDate "2004.01.01"]

1. e4 c5 2. Nf3 d6 3. d4 cxd4 4. Nxd4 Nf6 5. Nc3 a6 6. Be2 e5 7. Nb3 Be7 8. Be3
Be6 9. Nd5 Nxd5 10. exd5 Bf5 11. Qd2 Bg6 12. O-O Qc7 13. Na5 b6 14. Nc4 Nd7 15.
a4 O-O 16. Rfc1 Nc5 17. a5 b5 18. Nb6 Rad8 19. Qc3 f5 20. b4 Ne6 21. Qxc7 Nxc7
22. c4 Be8 23. c5 dxc5 24. Bxc5 Bxc5 25. Rxc5 Na8 26. Nc8 Bd7 27. Ne7+ Kf7 28.
Nc6 Bxc6 29. Rxc6 Rxd5 30. Rxa6 Rc8 31. Ra7+ Kf6 32. Rb7 Rc2 33. Bxb5 Rdd2 34.
Bf1 Rxf2 35. Ra7 Nc7 36. Rxc7 1-0

[Event "22. Copenhagen Open  (Politiken Cup)"]
[Site "Copenhagen"]
[Date "2000.07.28"]
[Round "11"]
[White "Mortensen, Henrik"]
[Black "Tolstrup, Thomas"]
[Result "0-1"]
[WhiteElo "2089"]
[BlackElo "1856"]
[PlyCount "102"]
[EventDate "2000.07.17"]
[EventType "swiss"]
[EventRounds "11"]
[EventCountry "DEN"]
[SourceDate "2004.01.01"]

1. Nf3 d5 2. g3 Nf6 3. Bg2 c5 4. O-O Nc6 5. d3 g6 6. Nbd2 Bg7 7. e4 O-O 8. c3
e5 9. Qe2 Re8 10. h3 h6 11. Rd1 Be6 12. g4 b6 13. Nf1 d4 14. Ng3 Nh7 15. Kh2
Rb8 16. c4 a6 17. Ne1 Rb7 18. b3 Rf8 19. f4 exf4 20. Bxf4 Ne5 21. Nf3 Nxf3+ 22.
Qxf3 g5 23. Bd2 Be5 24. Kh1 Bxg3 25. Qxg3 Rc7 26. Rf1 f6 27. Rf2 Rcf7 28. Raf1
Qd7 29. Rf3 Kg7 30. Qh2 Rh8 31. Kg1 Qc7 32. Qh1 Nf8 33. Be1 Ng6 34. Bg3 Qd7 35.
Qh2 h5 36. e5 f5 37. gxf5 Bxf5 38. R3f2 h4 39. e6 Qxe6 40. Bd5 Qe3 41. Bd6 Rd7
42. Kh1 Bxd3 43. Rf7+ Rxf7 44. Rxf7+ Kh6 45. Qg2 Re8 46. Rf2 Be4 47. Bxe4 Qxe4
48. Bc7 Nf4 49. Bxf4 gxf4 50. Kh2 Qxg2+ 51. Kxg2 Kg5 0-1

[Event "22. Copenhagen Open  (Politiken Cup)"]
[Site "Copenhagen"]
[Date "2000.07.28"]
[Round "11"]
[White "Moller, Arne"]
[Black "Thomsen, Heinrich Kirch"]
[Result "1/2-1/2"]
[WhiteElo "2026"]
[BlackElo "1432"]
[PlyCount "79"]
[EventDate "2000.07.17"]
[EventType "swiss"]
[EventRounds "11"]
[EventCountry "DEN"]
[SourceDate "2004.01.01"]

1. e4 e6 2. d4 d5 3. Nc3 Nf6 4. e5 Nfd7 5. f4 c5 6. Nf3 Nc6 7. Be3 Qb6 8. Na4
Qa5+ 9. c3 cxd4 10. Nxd4 Nxd4 11. Bxd4 b5 12. Nc5 Nxc5 13. b4 Qb6 14. a4 bxa4
15. bxc5 Bxc5 16. Rb1 Qc7 17. Bb5+ Bd7 18. Bxd7+ Kxd7 19. Qxa4+ Kd8 20. O-O Ke7
21. Qa6 Rhb8 22. h3 Rb6 23. Qd3 g6 24. Qg3 Rab8 25. Ra1 Bxd4+ 26. cxd4 Rb3 27.
Qh4+ Kf8 28. Rfc1 Qb6 29. Rc5 Rb1+ 30. Rxb1 Qxb1+ 31. Kh2 Qf5 32. Rc7 Kg7 33.
Rxa7 Rb4 34. Ra2 Rxd4 35. Rf2 h5 36. g3 Rc4 37. Qd8 d4 38. Rd2 Rc1 39. Qxd4 Qb1
40. Kg2 1/2-1/2

[Event "22. Copenhagen Open  (Politiken Cup)"]
[Site "Copenhagen"]
[Date "2000.07.28"]
[Round "11"]
[White "Molvig, Henrik"]
[Black "Antonsen, Mikkel"]
[Result "0-1"]
[WhiteElo "2224"]
[BlackElo "2377"]
[PlyCount "134"]
[EventDate "2000.07.17"]
[EventType "swiss"]
[EventRounds "11"]
[EventCountry "DEN"]
[SourceDate "2004.01.01"]

1. d4 e6 2. Nf3 c5 3. c4 cxd4 4. Nxd4 Nf6 5. g3 Bb4+ 6. Nd2 O-O 7. Bg2 d5 8.
cxd5 exd5 9. O-O Re8 10. N2f3 Bg4 11. Be3 Bf8 12. Rc1 Nbd7 13. h3 Bh5 14. Nb5
Rxe3 15. fxe3 Nc5 16. Nc3 Qd6 17. g4 Bg6 18. g5 Nfe4 19. Qxd5 Nxc3 20. Qxd6
Nxe2+ 21. Kf2 Bxd6 22. Kxe2 Bd3+ 23. Kf2 Ne4+ 24. Kg1 Bxf1 25. Kxf1 Re8 26. Nd4
Nxg5 27. Nf5 Bf8 28. h4 Ne6 29. Bxb7 Nc5 30. Bf3 g6 31. Nh6+ Kg7 32. Ng4 h5 33.
Nf2 Rxe3 34. Bd5 a5 35. Rd1 Ne6 36. Nd3 Be7 37. Kf2 Rh3 38. Bxe6 fxe6 39. Nf4
Rxh4 40. Nxe6+ Kf7 41. Nc7 Rh2+ 42. Kg3 Rxb2 43. Rf1+ Kg8 44. Nd5 Bg5 45. Kf3
Kg7 46. Rg1 Kh6 47. Nc3 Rc2 48. Ne4 Be7 49. Kf4 Rxa2 50. Rd1 Ra4 51. Rd7 Bf6
52. Rf7 Bg7 53. Ra7 h4 54. Kf3 Be5 55. Re7 Bg7 56. Re6 Rb4 57. Ra6 a4 58. Nd6
Kh5 59. Ra5+ g5 60. Ne4 Bh6 61. Nf6+ Kg6 62. Ra6 Kf5 63. Nh5 g4+ 64. Kf2 g3+
65. Kf3 Rb3+ 66. Kg2 Rb2+ 67. Kg1 Be3+ 0-1

[Event "22. Copenhagen Open  (Politiken Cup)"]
[Site "Copenhagen"]
[Date "2000.07.28"]
[Round "11"]
[White "Nicolaisen, Erik"]
[Black "Brondum, Jan Kraul"]
[Result "1-0"]
[WhiteElo "2035"]
[BlackElo "1452"]
[PlyCount "25"]
[EventDate "2000.07.17"]
[EventType "swiss"]
[EventRounds "11"]
[EventCountry "DEN"]
[SourceDate "2004.01.01"]

1. e4 e5 2. Nf3 Nc6 3. Nc3 Nf6 4. d4 Bb4 5. Nxe5 Nxe5 6. dxe5 Nxe4 7. Qg4 Bxc3+
8. bxc3 d5 9. Qxg7 Rf8 10. Bh6 Qe7 11. Qxf8+ Qxf8 12. Bxf8 Kxf8 13. Bd3 1-0

[Event "22. Copenhagen Open  (Politiken Cup)"]
[Site "Copenhagen"]
[Date "2000.07.28"]
[Round "11"]
[White "Nielsen, Anders Bodholt"]
[Black "Osttveit, Martin"]
[Result "1/2-1/2"]
[WhiteElo "2055"]
[BlackElo "2079"]
[PlyCount "27"]
[EventDate "2000.07.17"]
[EventType "swiss"]
[EventRounds "11"]
[EventCountry "DEN"]
[SourceDate "2004.01.01"]

1. c4 Nf6 2. g3 g6 3. Bg2 Bg7 4. Nc3 O-O 5. Nf3 d6 6. O-O e5 7. d4 Nbd7 8. e4
Re8 $11 9. d5 Nc5 10. Qc2 a5 11. Bg5 h6 12. Bxf6 Bxf6 13. Ne1 Bg7 14. Nd3
1/2-1/2

[Event "22. Copenhagen Open  (Politiken Cup)"]
[Site "Copenhagen"]
[Date "2000.07.28"]
[Round "11"]
[White "Nielsen, Borge Hjerrild"]
[Black "Auchenberg, Per"]
[Result "1/2-1/2"]
[WhiteElo "2153"]
[BlackElo "2006"]
[PlyCount "56"]
[EventDate "2000.07.17"]
[EventType "swiss"]
[EventRounds "11"]
[EventCountry "DEN"]
[SourceDate "2004.01.01"]

1. d4 Nf6 2. c4 c5 3. d5 e5 4. Nc3 d6 5. e4 Be7 6. Bd3 Nbd7 7. Nge2 Nf8 8. Bd2
Ng6 9. a3 Nh4 10. O-O Bh3 11. gxh3 Qc8 12. Nf4 exf4 13. f3 Qxh3 14. Rf2 Nh5 15.
Bf1 Qd7 16. b4 Bf6 17. Ne2 Be5 18. Rb1 b6 19. Bc3 f6 20. Qb3 O-O 21. Bxe5 fxe5
22. Kh1 Rf6 23. bxc5 dxc5 24. Qb5 Qc8 25. Qb2 Ng6 26. Ng1 Qd8 27. Bh3 Kh8 28.
Rg2 Rf8 1/2-1/2

[Event "22. Copenhagen Open  (Politiken Cup)"]
[Site "Copenhagen"]
[Date "2000.07.28"]
[Round "11"]
[White "Nielsen, Dagh"]
[Black "Damgaard, Sven"]
[Result "1-0"]
[WhiteElo "1576"]
[BlackElo "1887"]
[PlyCount "57"]
[EventDate "2000.07.17"]
[EventType "swiss"]
[EventRounds "11"]
[EventCountry "DEN"]
[SourceDate "2004.01.01"]

1. e4 e5 2. Nf3 Nc6 3. d4 exd4 4. Bc4 Bc5 5. O-O Nge7 6. c3 dxc3 7. Kh1 O-O 8.
Ng5 h6 9. Nxf7 Rxf7 10. Bxf7+ Kh8 11. bxc3 Ne5 12. Bb3 d6 13. h3 Bd7 14. f4
N5g6 15. Qe1 Qf8 16. Be3 Bxe3 17. Qxe3 a5 18. a3 Re8 19. Nd2 Qf6 20. Qg3 Bc6
21. Rae1 Rf8 22. f5 Ne5 23. Nc4 a4 24. Ba2 Nd7 25. Rf2 b5 26. Nb2 Nc5 27. Bb1
Qf7 28. e5 d5 29. f6 1-0

[Event "22. Copenhagen Open  (Politiken Cup)"]
[Site "Copenhagen"]
[Date "2000.07.28"]
[Round "11"]
[White "Nielsen, Jens Holm"]
[Black "Hovmoller, Kristian"]
[Result "0-1"]
[WhiteElo "2060"]
[BlackElo "2170"]
[PlyCount "100"]
[EventDate "2000.07.17"]
[EventType "swiss"]
[EventRounds "11"]
[EventCountry "DEN"]
[SourceDate "2004.01.01"]

1. Nc3 d5 2. e4 dxe4 3. Nxe4 Bf5 4. Ng3 Bg6 5. Nf3 Nd7 6. d4 e6 7. c3 Ngf6 8.
Bg5 c6 9. Ne5 Qb6 10. Nc4 Qc7 11. Bxf6 Nxf6 12. Bd3 Bd6 13. Bxg6 hxg6 14. Nxd6+
Qxd6 15. h3 Qd5 16. O-O Nh5 17. c4 Qxc4 18. Ne4 Rd8 19. Rc1 Qxd4 20. Qf3 O-O
21. b3 Nf6 22. Rfe1 Nxe4 23. Rxe4 Qd3 24. Qf4 Qd2 25. Qxd2 Rxd2 26. Rb4 Rd7 27.
a4 Rfd8 28. Kh2 Rc7 29. Rbc4 Rd2 30. f3 Rb2 31. b4 Rd7 32. a5 Rdd2 33. Rg4 Rbc2
34. Rb1 Rd5 35. Rb3 g5 36. h4 gxh4 37. Kh3 Rcd2 38. Kxh4 R2d4 39. f4 Rb5 40. a6
Rdxb4 41. Rc3 f5 42. Rg6 Kf7 43. Rcg3 Rxf4+ 44. Kh3 Rg4 45. R6xg4 fxg4+ 46.
Kxg4 b6 47. Kf4 Kf6 48. Rc3 c5 49. g4 Rb4+ 50. Kf3 Ra4 0-1

[Event "22. Copenhagen Open  (Politiken Cup)"]
[Site "Copenhagen"]
[Date "2000.07.28"]
[Round "11"]
[White "Nielsen, Morten"]
[Black "Tjornsted, Peter"]
[Result "1-0"]
[WhiteElo "2094"]
[BlackElo "1868"]
[PlyCount "165"]
[EventDate "2000.07.17"]
[EventType "swiss"]
[EventRounds "11"]
[EventCountry "DEN"]
[SourceDate "2004.01.01"]

1. e4 g6 $11 2. d4 Bg7 3. Nc3 c6 4. Be3 d6 5. Be2 Nd7 6. Qd2 h5 7. f4 c5 8. d5
a6 9. a4 Qa5 10. Ra3 Ngf6 11. h3 Qb4 12. Bf3 Nb6 $11 13. Rb3 Qa5 14. Nge2 Nfd7
15. O-O Nc4 16. Qd3 Nxe3 17. Qxe3 Nb6 18. Ra1 Nd7 19. Rba3 c4 20. Kh1 Nc5 21.
Nd4 Qb6 22. a5 Qa7 23. Nce2 O-O 24. c3 Bd7 25. g4 hxg4 26. hxg4 Nb3 27. Rd1 Qc5
28. Nc2 Qc8 29. Rg1 f6 30. f5 g5 31. Ned4 Nxd4 32. Nxd4 Kf7 33. Ne6 Rh8+ 34.
Kg2 Qb8 35. Be2 Bb5 36. Qb6 Qa7 37. Qxa7 Rxa7 38. Raa1 Raa8 39. Rh1 Rh4 40.
Rxh4 gxh4 41. Rh1 Rh8 42. Nf4 Ke8 43. Rh3 Rh7 44. Kf3 Kd7 45. Ng6 Kd8 46. Bf1
Kd7 47. Ke2 Kd8 48. Kf2 Kd7 49. Ke3 Kd8 50. Kd4 Be8 51. Nf4 Bb5 52. Bxc4 Bxc4
53. Kxc4 Kd7 54. Ng6 Kd8 55. Kd4 Kc7 56. Nxe7 Bh6 57. Ng6 Bc1 58. b3 Bg5 59.
Nf8 Rh6 60. Ne6+ Kd7 61. Nxg5 fxg5 62. e5 dxe5+ 63. Kxe5 b5 64. c4 bxc4 65.
bxc4 Rh8 66. Kf6 Kd6 67. Kxg5 Ke5 68. Re3+ Kd4 69. Re1 Kxc4 70. d6 h3 71. d7
Rd8 72. Rh1 Rxd7 73. Rxh3 Rg7+ 74. Kf4 Kd4 75. Rh1 Kc5 76. f6 Rb7 77. Kf5 Rb5
78. Rd1 Kb4+ 79. Kg6 Kxa5 80. f7 Rb6+ 81. Kg7 Rb7 82. Ra1+ Kb6 83. Rb1+ 1-0

[Event "22. Copenhagen Open  (Politiken Cup)"]
[Site "Copenhagen"]
[Date "2000.07.28"]
[Round "11"]
[White "Nielsen, Nicholas Roland"]
[Black "Petersen, Steen"]
[Result "1/2-1/2"]
[WhiteElo "1864"]
[BlackElo "2162"]
[PlyCount "54"]
[EventDate "2000.07.17"]
[EventType "swiss"]
[EventRounds "11"]
[EventCountry "DEN"]
[SourceDate "2004.01.01"]

1. e4 e5 2. Nc3 Nf6 3. Bc4 Nc6 4. d3 Bb4 5. Bg5 h6 6. Bxf6 Bxc3+ 7. bxc3 Qxf6
8. Qf3 Qxf3 9. Nxf3 d6 10. h3 Ke7 11. Kd2 g6 12. Nh4 Bd7 13. g4 Nd8 14. Ng2 a5
15. a3 h5 16. Ne3 c6 17. Raf1 Be6 18. f4 $11 Bxc4 19. Nxc4 b5 20. Ne3 hxg4 21.
fxe5 dxe5 22. Nxg4 Rh5 23. h4 Nb7 24. Nf6 Rh6 25. Ng4 Rh5 26. Nf6 Rh6 27. Ng4
Rh5 1/2-1/2

[Event "22. Copenhagen Open  (Politiken Cup)"]
[Site "Copenhagen"]
[Date "2000.07.28"]
[Round "11"]
[White "Nielsen, Simon Saito"]
[Black "Rytter, Morten"]
[Result "1-0"]
[WhiteElo "2138"]
[BlackElo "1576"]
[PlyCount "103"]
[EventDate "2000.07.17"]
[EventType "swiss"]
[EventRounds "11"]
[EventCountry "DEN"]
[SourceDate "2004.01.01"]

1. d4 Nf6 2. c4 e6 3. Nc3 Bb4 4. a3 Bxc3+ 5. bxc3 c5 6. f3 d6 7. d5 e5 8. e4
O-O 9. Bd3 h6 10. Ne2 Nh7 11. Ng3 Nd7 12. Be3 Ndf6 13. Qd2 Kh8 14. h4 Ng8 15.
Nf5 Bxf5 16. exf5 Nhf6 17. Be2 h5 18. g4 Qd7 19. g5 Nh7 20. Bd3 Ne7 21. Qc2 g6
22. f6 Nf5 $11 23. Bf2 Rfe8 24. Kd2 Nf8 25. Rae1 Rad8 26. Re2 Kg8 27. Rhe1 Nh7
28. Re4 Nf8 29. Qd1 Qc8 30. Bc2 Nd7 31. Ba4 Nb6 32. Bxe8 Rxe8 33. f4 Nd7 34.
Qa4 a6 35. Kc2 Kf8 36. Qa5 Rd8 37. fxe5 Nxe5 38. Rxe5 dxe5 39. Qxc5+ Kg8 40.
Qxc8 Rxc8 41. Rxe5 Rxc4 42. Re8+ Kh7 43. Kb3 b5 44. Rd8 Rc7 45. Bb6 Rc4 46. d6
Nxd6 47. Rxd6 Rxh4 48. Rd7 Rg4 49. Rxf7+ Kh8 50. Rc7 h4 51. f7 Rf4 52. Bd4+ 1-0

[Event "22. Copenhagen Open  (Politiken Cup)"]
[Site "Copenhagen"]
[Date "2000.07.28"]
[Round "11"]
[White "Nilssen, John Arni"]
[Black "Hansen, Henrik Michael"]
[Result "1-0"]
[WhiteElo "2354"]
[BlackElo "2119"]
[PlyCount "31"]
[EventDate "2000.07.17"]
[EventType "swiss"]
[EventRounds "11"]
[EventCountry "DEN"]
[SourceDate "2004.01.01"]

1. d4 d5 2. c4 dxc4 3. Nf3 Nf6 4. e3 e6 5. Bxc4 a6 6. O-O c5 7. e4 Nxe4 8. Qe2
Nf6 9. d5 Nxd5 10. Rd1 Be7 11. Nc3 O-O 12. Bxd5 exd5 13. Nxd5 Bf6 14. Bf4 Nd7
15. Nc7 Ra7 16. Bd6 1-0

[Event "22. Copenhagen Open  (Politiken Cup)"]
[Site "Copenhagen"]
[Date "2000.07.28"]
[Round "11"]
[White "Nilsson, Lars Kjoller"]
[Black "Jorgensen, Brian"]
[Result "0-1"]
[WhiteElo "2061"]
[BlackElo "2227"]
[PlyCount "184"]
[EventDate "2000.07.17"]
[EventType "swiss"]
[EventRounds "11"]
[EventCountry "DEN"]
[SourceDate "2004.01.01"]

1. e4 c6 2. c4 d5 3. exd5 cxd5 4. cxd5 Nf6 5. Bb5+ Bd7 6. Bc4 b5 7. Bb3 Bg4 8.
f3 Bf5 9. Qe2 a6 10. Nc3 Nbd7 11. d4 Nb6 12. Qe5 Bd3 13. Nh3 Bc4 14. Nf4 e6 15.
dxe6 Bd6 16. exf7+ Kxf7 17. Bxc4+ Nxc4 18. Qe6+ Kf8 19. Qxc4 Bxf4 20. Qc5+ Bd6
21. Qf5 Bb4 22. Be3 Rc8 23. Rc1 Kf7 24. O-O Bxc3 25. Rxc3 Rxc3 26. bxc3 Re8 27.
Qd3 Qd5 28. Rf2 g6 29. Rc2 Qe6 30. Kf2 Nd5 31. Re2 Qc6 32. Bd2 Rc8 33. Re5 Rc7
34. Qe4 Rd7 35. h4 Qc4 36. h5 Qxa2 37. hxg6+ hxg6 38. Qg4 Nf6 39. Qf4 Qc2 40.
Re2 Qd3 41. g4 Re7 42. Re5 Ke8 43. Rxe7+ Kxe7 44. Qe5+ Kf7 45. Bg5 Ng8 46. d5
Qc2+ 47. Kg3 Qd1 48. Be3 Qe1+ 49. Kf4 Ne7 50. d6 Nf5 51. d7 Qg3+ 52. Ke4 Nd6+
53. Kd5 Qxe5+ 54. Kxe5 Nc4+ 55. Kd5 Ke7 56. Bd4 Kxd7 57. f4 a5 58. Kc5 a4 59.
Kb4 Ke6 60. Bc5 Kd5 61. Bf8 Kc6 62. f5 gxf5 63. gxf5 Ne3 64. Ka3 Nxf5 65. c4
$11 bxc4 66. Kxa4 Kd5 67. Bb4 Nd4 68. Bd2 Ke4 69. Kb4 Kd3 70. Bg5 c3 71. Bh6 c2
72. Bc1 Nf3 73. Kb3 Nd2+ 74. Kb2 Nb1 75. Kb3 Nc3 76. Bh6 Ne2 77. Kb2 Nd4 78.
Bg5 Nf3 79. Bf4 Ne1 80. Bg5 Ke2 81. Kc1 Kd3 82. Kb2 Nf3 83. Bf4 Nd2 84. Bg5
Nc4+ 85. Kb3 Ne3 86. Kb2 (86. Bxe3 $11) 86... Nd1+ 87. Kc1 Kc3 88. Bf6+ Kb3 89.
Bg5 Nc3 90. Kd2 Ne4+ 91. Ke3 Nxg5 92. Kf4 c1=Q+ 0-1

[Event "22. Copenhagen Open  (Politiken Cup)"]
[Site "Copenhagen"]
[Date "2000.07.28"]
[Round "11"]
[White "Nilsson, Nils Specht"]
[Black "Laursen, Niels Norskov"]
[Result "1-0"]
[WhiteElo "2188"]
[BlackElo "2079"]
[PlyCount "67"]
[EventDate "2000.07.17"]
[EventType "swiss"]
[EventRounds "11"]
[EventCountry "DEN"]
[SourceDate "2004.01.01"]

1. Nf3 Nf6 2. c4 d6 3. Nc3 e5 4. g3 g6 5. Bg2 Bg7 6. d4 Nbd7 7. dxe5 dxe5 8. h3
O-O 9. Be3 c6 10. Qd2 Qe7 11. O-O Nc5 12. Ne1 Nh5 13. Rd1 Ne6 14. Qd6 Qe8 15.
Nd3 f5 16. Nxe5 f4 17. Bc1 fxg3 18. fxg3 Rxf1+ 19. Bxf1 Nxg3 20. Ng4 Nf5 21.
Qd3 h5 22. e4 Nfd4 23. Nh2 Be5 24. c5 Bd7 25. Nf3 Nxf3+ 26. Qxf3 Qe7 27. Qg2
Kh7 28. Qd2 Nf8 29. Qh6+ Kg8 30. Rxd7 Qxd7 31. Bc4+ Ne6 32. Qxg6+ Kh8 33. Qxh5+
Kg7 34. Qxe5+ 1-0